000 00587nam a22002177a 4500
999 _c6569
_d6569
003 OSt
005 20200204093119.0
008 200204b ||||| |||| 00| 0 eng d
020 _a9780716764465
020 _a0716764466
040 _cDDC
082 _a150HOC 2006.
100 _aHockenbury,H.Don;Hoc;Hockenbury,E.sandra;
_913511
245 _aPsychology.
250 _a4th ed.
260 _aUSA
_bWorth Publishers;
_c2006.
300 _axliii,670p;
_bcol, ill;
_c28cm.
504 _aglossary, references and index are included.
650 _aPsychology
_931
942 _2ddc
_cO_SHELF